00903nam a2200205 a 450000100100000000500170001000800410002704000130006808200160008111000430009724500860014026000350022630000210026150400400028204900090032295201190033195201130045095201190056399900150068200000927720200929161535.0090929s1981 dr 000 0 spa d aDO-SdBNP axxxxbA168l1 aAcademia Dominicana de Medicina92400013aEl libro de oro. 10 Aniversario /cpresentación José María Duquela Morales. aSanto DomingofCorripioc1981. a141 p. ;c23 cm. aIncluye bibliografías (p. 36-38 ) aBNPD 0010718DSaGRbGRcCTd2009-09-29iLF1l0oxxxx A168lp9277-30r2020-06-25te. 3w2020-06-25yLFDSZNo se presta 0010718PDaPDbPDcCTd2009-09-29iLF1l0oxxxx A168lp9277-10r2020-06-25w2020-06-25yLFPDZNo se presta 0010718PDaPDbPDcCTd2009-09-29iLF1l0oxxxx A168lp9277-20r2020-06-25te. 2w2020-06-25yLFPDZNo se presta c9039d9039